[Event "BCF-chT2 2324 (4NCL)"]
[Site "England"]
[Date "2024.03.17"]
[Round "8.68"]
[White "Jaufarally, Nadia"]
[Black "Simmons, Matthew"]
[Result "1/2-1/2"]
[WhiteElo "1917"]
[BlackElo "2056"]
[PlyCount "109"]
[EventDate "2023.11.11"]
[EventType "team-tourn"]
[EventRounds "11"]
[EventCountry "ENG"]
[SourceTitle "CBM 219 Extra"]
[Source "ChessBase"]
[SourceDate "2024.05.31"]
[SourceVersion "1"]
[SourceVersionDate "2024.05.31"]
[SourceQuality "1"]
[WhiteTeam "The ADS"]
[BlackTeam "Schach Attack"]
[WhiteTeamCountry "ENG"]
[BlackTeamCountry "ENG"]

1. e4 Nf6 2. e5 Nd5 3. d4 d6 4. Nf3 dxe5 5. Nxe5 c6 6. Bc4 Nd7 7. 0-0 Nxe5 8. dxe5 Bf5 9. c3 e6 10. Qe2 Be7 11. a4 0-0 12. Na3 Qc7 13. Re1 Rad8 14. Nc2 Nb6 15. Nd4 Bg6 16. Bb3 c5 17. Nb5 Qb8 18. Qg4 a6 19. Nd6 Bxd6 20. exd6 Qxd6 21. Bf4 Qc6 22. a5 c4 23. axb6 cxb3 24. Bg5 Rd5 25. Be3 Bf5 26. Qb4 Bc2 27. Qg4 h5 28. Qg3 Qc4 29. Bd4 Rxd4 30. cxd4 Qxd4 31. Qe5 Qxe5 32. Rxe5 Rc8 33. f3 Rc6 34. Rxh5 Rxb6 35. Rc5 Rb4 36. Kf2 Rd4 37. Ke3 Rd3+ 38. Ke2 Rd7 39. Rc3 Kf8 40. Rc1 Ke7 41. Ke3 Kd8 42. Ra1 Rd6 43. Ra4 b5 44. Rd4 Kd7 45. Rxd6+ Kxd6 46. Rc8 a5 47. Kd4 e5+ 48. Kc3 e4 49. fxe4 Bxe4 50. g3 Bd5 51. Kd4 Be6 52. Ra8 a4 53. Ra6+ Ke7 54. Kc5 Bd7 55. Kb4 1/2-1/2

[Event "BCF-chT3 1011 (4NCL)"]
[Site "England"]
[Date "2010.11.07"]
[Round "2.40"]
[White "Hazlehurst, Cory S"]
[Black "Simmons, Matthew"]
[Result "0-1"]
[WhiteElo "1946"]
[BlackElo "2071"]
[PlyCount "110"]
[EventDate "2010.11.06"]
[EventType "team-swiss"]
[EventRounds "9"]
[EventCountry "ENG"]
[SourceTitle "CBM 139 Extra"]
[Source "ChessBase"]
[SourceDate "2011.01.05"]
[SourceVersion "1"]
[SourceVersionDate "2011.01.05"]
[SourceQuality "1"]
[WhiteTeam "3CS Oldham II"]
[BlackTeam "Channel Isolani"]
[WhiteTeamCountry "ENG"]
[BlackTeamCountry "ENG"]

1. e4 c5 2. Nf3 Nc6 3. d4 cxd4 4. Nxd4 Qb6 5. Nb3 Nf6 6. Nc3 e6 7. Be3 Qc7 8. a3 a6 9. f4 d6 10. Be2 Be7 11. 0-0 b5 12. Bf3 Bb7 13. g4 Nd7 14. Rf2 0-0 15. g5 Nb6 16. Bxb6 Qxb6 17. h4 f5 18. Kg2 fxe4 19. Bxe4 Ne5 20. Bxb7 Qxb7+ 21. Kg3 Nc4 22. Qg4 e5 23. Qe6+ Kh8 24. Nd5 Rae8 25. fxe5 Rxf2 26. Kxf2 dxe5 27. Kg3 e4 28. Qf5 Bd6+ 29. Kh3 Re5 30. Qg4 Rxd5 31. g6 Ne5 32. Qxe4 Qd7+ 33. Kg2 Qg4+ 34. Qxg4 Nxg4 35. gxh7 Kxh7 36. Re1 Ne5 37. Re2 Ng6 38. Re4 Be7 39. Kg3 Bxh4+ 40. Kg4 Bf6 41. c3 Ne5+ 42. Kg3 Nc4 43. Re6 a5 44. Re2 a4 45. Nc1 Rd2 46. Rxd2 Nxd2 47. Nd3 Nc4 48. Kf4 Nxa3 49. bxa3 Bxc3 50. Ke4 b4 51. axb4 a3 52. Nc1 Bxb4 53. Kd3 g5 54. Kc4 Be7 55. Kb3 Kg6 0-1

[Event "BCF-chT3 0910 (4NCL)"]
[Site "England"]
[Date "2010.05.03"]
[Round "11.1"]
[White "Thomas, Mark"]
[Black "Simmons, Matthew"]
[Result "0-1"]
[WhiteElo "2049"]
[BlackElo "2071"]
[PlyCount "110"]
[EventDate "2009.10.24"]
[EventType "team-tourn"]
[EventRounds "11"]
[EventCountry "ENG"]
[SourceTitle "EXT 2011"]
[Source "ChessBase"]
[SourceDate "2010.11.26"]
[SourceVersion "1"]
[SourceVersionDate "2010.11.26"]
[SourceQuality "1"]
[WhiteTeam "Celtic Tigers II"]
[BlackTeam "Guernsey Mates"]
[WhiteTeamCountry "ENG"]
[BlackTeamCountry "ENG"]

1. e4 c5 2. Nf3 Nc6 3. c3 e6 4. Bd3 d5 5. e5 Qc7 6. Qe2 Nge7 7. 0-0 Ng6 8. Bb5 Bd7 9. d4 Be7 10. Be3 c4 11. Bxc6 Bxc6 12. Nbd2 h6 13. g3 b5 14. h4 Rb8 15. h5 Nf8 16. Bf4 b4 17. Rfb1 Nh7 18. Qe3 Qd8 19. cxb4 Ng5 20. Bxg5 Bxg5 21. Nxg5 Qxg5 22. Qxg5 hxg5 23. g4 Rxb4 24. a3 Rb6 25. b4 Ba4 26. Rc1 0-0 27. Rc3 f5 28. gxf5 Rxf5 29. Kg2 Rf4 30. Rg3 g4 31. Nf1 Rxd4 32. Ne3 Rf4 33. Rc1 Rb7 34. Nxg4 Kh8 35. h6 g5 36. Nf6 Rxf6 37. exf6 Rf7 38. f4 gxf4 39. Rg6 Rf8 40. Kf3 Be8 41. Rg7 e5 42. Rxa7 Bh5+ 43. Kf2 e4 44. Rg1 e3+ 45. Ke1 Rxf6 46. Rgg7 Rxh6 47. Rge7 Rg6 48. Rh7+ Kg8 49. Rxh5 f3 50. Rh1 d4 51. b5 d3 52. Ra6 f2+ 53. Kf1 Rg1+ 54. Rxg1+ fxg1Q+ 55. Kxg1 d2 0-1

[Event "Guernsey op 34th"]
[Site "Guernsey"]
[Date "2008.10.19"]
[Round "1"]
[White "Simmons, Matthew"]
[Black "Blijlevens, Pim"]
[Result "1/2-1/2"]
[WhiteElo "2067"]
[BlackElo "1849"]
[PlyCount "84"]
[EventDate "2008.10.19"]
[EventType "swiss"]
[EventRounds "7"]
[EventCountry "GCI"]
[SourceTitle "EXT 2009"]
[Source "ChessBase"]
[SourceDate "2008.11.26"]
[SourceVersion "1"]
[SourceVersionDate "2008.11.26"]
[SourceQuality "1"]

1. e4 c5 2. Nf3 Nc6 3. d4 cxd4 4. Nxd4 e5 5. Nb5 a6 6. Nd6+ Bxd6 7. Qxd6 Qf6 8. Qd2 Qg6 9. Nc3 d5 10. Qg5 Qxg5 11. Bxg5 d4 12. Nd5 Rb8 13. Bc4 Nge7 14. Nc7+ Kd7 15. Nd5 Nxd5 16. Bxd5 Rf8 17. 0-0 f6 18. Bd2 Kd6 19. c3 Be6 20. cxd4 Bxd5 21. dxe5+ fxe5 22. exd5 Kxd5 23. Rad1 Ke6 24. Rde1 Kd7 25. Re4 Rbe8 26. Rfe1 Re6 27. Bc3 Rfe8 28. f3 R8e7 29. Rh4 g6 30. Kf2 Rf7 31. Rhe4 Rfe7 32. Kg3 Re8 33. Kg4 R8e7 34. Rd1+ Rd6 35. Rxd6+ Kxd6 36. Kg5 Rf7 37. Kh6 Kd5 38. Re1 Nd4 39. h4 Nf5+ 40. Kg5 Nd4 41. Kh6 Nf5+ 42. Kg5 Nd4 1/2-1/2

[Event "BCF-chT2 0708 (4NCL)"]
[Site "Sunningdale"]
[Date "2007.09.16"]
[Round "2"]
[White "Simmons, Matthew"]
[Black "Van Kemenade, Julie"]
[Result "1-0"]
[WhiteElo "2061"]
[BlackElo "1895"]
[PlyCount "47"]
[EventDate "2007.09.15"]
[EventType "team-tourn"]
[EventRounds "11"]
[EventCountry "ENG"]
[SourceTitle "CBM 120 Extra"]
[Source "ChessBase"]
[SourceDate "2007.11.01"]
[SourceVersion "1"]
[SourceVersionDate "2007.11.01"]
[SourceQuality "1"]
[WhiteTeam "Cheddleton"]
[BlackTeam "SW Dragons"]
[WhiteTeamCountry "ENG"]
[BlackTeamCountry "ENG"]

1. e4 d6 2. d4 g6 3. Nc3 Bg7 4. Be3 Nf6 5. Qd2 Ng4 6. Bg5 h6 7. Bh4 g5 8. Bg3 Nd7 9. Be2 Nf8 10. h3 Nf6 11. 0-0-0 Ng6 12. Kb1 c6 13. f4 Nxf4 14. Bxf4 gxf4 15. Qxf4 Qa5 16. Nf3 Bd7 17. g4 0-0-0 18. e5 Nd5 19. Nxd5 Qxd5 20. Qe3 Be6 21. Qa3 Kc7 22. Rhe1 Ra8 23. Bf1 Rhd8 24. c4 1-0

[Event "Gibraltar Challengers-A"]
[Site "Gibraltar"]
[Date "2006.01.28"]
[Round "5"]
[White "Simmons, Matthew"]
[Black "Kuenitz, Klaus"]
[Result "1/2-1/2"]
[WhiteElo "2078"]
[BlackElo "1901"]
[PlyCount "37"]
[EventDate "2006.01.24"]
[EventType "swiss"]
[EventRounds "5"]
[EventCountry "ENG"]
[SourceTitle "EXT 2007"]
[Source "ChessBase"]
[SourceDate "2006.11.23"]
[SourceVersion "1"]
[SourceVersionDate "2006.11.23"]
[SourceQuality "1"]

1. e4 e6 2. d4 d5 3. Nc3 dxe4 4. Nxe4 Nd7 5. Nf3 Ngf6 6. Bg5 Be7 7. Nxf6+ Nxf6 8. Bd3 0-0 9. Qd2 c5 10. dxc5 Bxc5 11. 0-0-0 Be7 12. h4 Bd7 13. Qe2 Qa5 14. Bxh7+ Kxh7 15. Bxf6 Bxf6 16. Ng5+ Kg8 17. Qh5 Rfd8 18. Qxf7+ Kh8 19. Qh5+ 1/2-1/2

[Event "BCF-chT2 0506 (4NCL)"]
[Site "Birmingham"]
[Date "2005.10.22"]
[Round "1.7"]
[White "Simmons, Matthew"]
[Black "Wells, Daniel J"]
[Result "1-0"]
[WhiteElo "2078"]
[BlackElo "2015"]
[PlyCount "59"]
[EventDate "2005.10.22"]
[EventType "team-tourn"]
[EventRounds "11"]
[EventCountry "ENG"]
[SourceTitle "EXT 2007"]
[Source "ChessBase"]
[SourceDate "2006.11.23"]
[SourceVersion "1"]
[SourceVersionDate "2006.11.23"]
[SourceQuality "1"]
[WhiteTeam "Richmond"]
[BlackTeam "PYO"]
[WhiteTeamCountry "ENG"]
[BlackTeamCountry "ENG"]

1. e4 c5 2. Nc3 Nc6 3. Bb5 Nd4 4. Bc4 g6 5. Nf3 Bg7 6. Nxd4 cxd4 7. Qf3 e6 8. Nb5 Qb6 9. Qg3 e5 10. Qa3 Bf8 11. Qf3 f6 12. 0-0 a6 13. Na3 Bxa3 14. Qxa3 Ne7 15. d3 h5 16. c3 dxc3 17. bxc3 Qc6 18. Qb3 d6 19. Bf7+ Kf8 20. f4 Rh7 21. fxe5 Rxf7 22. Rxf6 Rxf6 23. exf6 d5 24. fxe7+ Kxe7 25. Bg5+ Kf8 26. Rf1+ Kg7 27. exd5 Qd6 28. c4 b5 29. Qc3+ Kg8 30. Bh6 1-0

[Event "Olympiad-36"]
[Site "Mallorca"]
[Date "2004.10.28"]
[Round "13"]
[White "Simmons, Matthew"]
[Black "Hosiah, Olebogeng"]
[Result "0-1"]
[WhiteElo "2065"]
[BlackElo "2124"]
[PlyCount "62"]
[EventDate "2004.10.15"]
[EventType "team-swiss"]
[EventRounds "14"]
[EventCountry "ESP"]
[SourceTitle "CBM 104"]
[Source "ChessBase"]
[SourceDate "2005.01.27"]
[SourceVersion "1"]
[SourceVersionDate "2005.01.27"]
[SourceQuality "1"]
[WhiteTeam "Jersey"]
[BlackTeam "Botswana"]
[WhiteTeamCountry "JCI"]
[BlackTeamCountry "BOT"]

1. e4 c5 2. Nc3 Nc6 3. Bb5 a6 4. Bxc6 dxc6 5. d3 g6 6. Be3 b6 7. Nge2 Bg7 8. Qd2 Nf6 9. f3 Qd6 10. 0-0-0 e5 11. g4 Be6 12. h3 Nd7 13. Ng3 0-0-0 14. Qf2 Qe7 15. h4 h5 16. gxh5 gxh5 17. Kb1 Kb7 18. Bg5 Bf6 19. f4 Bg4 20. Rde1 exf4 21. Qxf4 Bxg5 22. hxg5 Rdg8 23. Rhf1 Qxg5 24. Qxg5 Rxg5 25. Rxf7 Be6 26. Re7 Rxg3 27. Rxe6 h4 28. Ne2 Re3 29. Rg6 h3 30. Rgg1 Ne5 31. Ng3 h2 0-1

[Event "Olympiad-36"]
[Site "Mallorca"]
[Date "2004.10.15"]
[Round "1"]
[White "Simmons, Matthew"]
[Black "Teplitsky, Yan"]
[Result "0-1"]
[WhiteElo "2065"]
[BlackElo "2435"]
[PlyCount "62"]
[EventDate "2004.10.15"]
[EventType "team-swiss"]
[EventRounds "14"]
[EventCountry "ESP"]
[SourceTitle "CBM 104"]
[Source "ChessBase"]
[SourceDate "2005.01.27"]
[SourceVersion "1"]
[SourceVersionDate "2005.01.27"]
[SourceQuality "1"]
[WhiteTeam "Jersey"]
[BlackTeam "Canada"]
[WhiteTeamCountry "JCI"]
[BlackTeamCountry "CAN"]

1. e4 c5 2. Nc3 Nc6 3. Bb5 Nd4 4. Bc4 d6 5. Nge2 Nf6 6. d3 Nc6 7. f4 e6 8. Ng3 Be7 9. 0-0 h5 10. h3 h4 11. Nge2 a6 12. a4 d5 13. exd5 exd5 14. Ba2 Bf5 15. Bd2 0-0 16. Qe1 Nb4 17. Bb1 Nh5 18. Nd1 d4 19. Bxb4 cxb4 20. Ba2 Rc8 21. Bb3 Rc6 22. Qf2 Rg6 23. Kh2 Ng3 24. Re1 Nxe2 25. Rxe2 Rg3 26. Re5 Qd7 27. Rd5 Qc8 28. Qxd4 Bxh3 29. f5 Bxg2 30. Rd7 Bf6 31. Qd6 Bc6 0-1

[Event "Portsmouth op"]
[Site "Portsmouth"]
[Date "2004.02.22"]
[Round "5"]
[White "Simmons, Matthew"]
[Black "Fysh Foskett, Adam"]
[Result "0-1"]
[WhiteElo "2065"]
[BlackElo "2075"]
[PlyCount "68"]
[EventDate "2004.02.20"]
[EventType "swiss"]
[EventRounds "6"]
[EventCountry "ENG"]
[SourceTitle "EXT 2005"]
[Source "ChessBase"]
[SourceDate "2004.11.15"]
[SourceVersion "1"]
[SourceVersionDate "2004.11.15"]
[SourceQuality "1"]

1. e4 e5 2. Nc3 Nc6 3. Bc4 Nf6 4. d3 d6 5. Bg5 Be7 6. f4 h6 7. Bxf6 Bxf6 8. a3 exf4 9. g3 Ne5 10. Bb3 Bg4 11. Qd2 Bf3 12. d4 fxg3 13. hxg3 Bxh1 14. dxe5 Bxe5 15. Qh2 Bxc3+ 16. bxc3 Bxe4 17. 0-0-0 Qg5+ 18. Kb2 0-0-0 19. Qf2 Kb8 20. Rd4 Bc6 21. Nh3 Qf6 22. Rf4 Qe5 23. Rf5 Qe4 24. Rxf7 g5 25. Qf6 Qe5 26. Qf1 Qxg3 27. Ng1 Qg2 28. Qd1 h5 29. Ne2 Bf3 30. Rxf3 Qxf3 31. Bd5 Qe3 32. Nd4 c6 33. Bg2 h4 34. Ka2 h3 0-1

[Event "BCF-ch"]
[Site "Edinburgh"]
[Date "2003.07.19"]
[Round "6"]
[White "Simmons, Matthew"]
[Black "Walton, Alan J"]
[Result "0-1"]
[WhiteElo "2176"]
[BlackElo "2158"]
[PlyCount "116"]
[EventDate "2003.07.14"]
[EventType "swiss"]
[EventRounds "11"]
[EventCountry "SCO"]
[SourceTitle "CBM 095 Extra"]
[Source "ChessBase"]
[SourceDate "2003.09.04"]
[SourceVersion "1"]
[SourceVersionDate "2003.09.04"]
[SourceQuality "1"]

1. e4 e6 2. d4 d5 3. Nc3 Nf6 4. Bg5 Be7 5. e5 Nfd7 6. h4 c5 7. Bxe7 Kxe7 8. dxc5 Nxc5 9. Qg4 Kf8 10. 0-0-0 Nc6 11. Nf3 a6 12. Rh3 h6 13. Rg3 Rg8 14. Nd4 Nxe5 15. Qh5 Qc7 16. Re3 Ng6 17. g3 b5 18. Qe2 Bd7 19. f4 b4 20. Nb1 Ne4 21. Qe1 a5 22. Bd3 f5 23. h5 Ne7 24. Nf3 Rc8 25. Ne5 Bb5 26. Qe2 Bxd3 27. Rexd3 Qa7 28. Rf1 Nc6 29. Nxc6 Rxc6 30. g4 Qf7 31. Nd2 Ke7 32. Nxe4 fxe4 33. Rd2 Rgc8 34. f5 e5 35. Rfd1 Rc5 36. Qa6 e3 37. Re2 d4 38. b3 Qf6 39. Qb7+ Kf8 40. Qe4 Qa6 41. Rg2 a4 42. Kb1 axb3 43. cxb3 Qc6 44. Qxc6 R8xc6 45. g5 hxg5 46. Kb2 Rf6 47. Rxg5 e2 48. Rdg1 Rc7 49. R5g3 Rxf5 50. h6 gxh6 51. Rg8+ Ke7 52. R8g7+ Rf7 53. R7g3 Rf1 54. Rg7+ Kd6 55. R1g6+ Kd5 56. Rxc7 e1Q 57. Rd7+ Ke4 58. Rg4+ Kd3 0-1

[Event "BCF-ch"]
[Site "Edinburgh"]
[Date "2003.07.14"]
[Round "1"]
[White "Thomas, Nicholas"]
[Black "Simmons, Matthew"]
[Result "1-0"]
[WhiteElo "2281"]
[BlackElo "2176"]
[PlyCount "41"]
[EventDate "2003.07.14"]
[EventType "swiss"]
[EventRounds "11"]
[EventCountry "SCO"]
[SourceTitle "CBM 095 Extra"]
[Source "ChessBase"]
[SourceDate "2003.09.04"]
[SourceVersion "1"]
[SourceVersionDate "2003.09.04"]
[SourceQuality "1"]

1. e4 c6 2. c4 d5 3. exd5 cxd5 4. d4 Nf6 5. Nc3 e6 6. Nf3 Nc6 7. Bd3 Bb4 8. cxd5 Nxd5 9. Bd2 0-0 10. 0-0 Be7 11. Ne4 Nf6 12. Bc3 h6 13. Re1 Qb6 14. Ne5 Nb4 15. Nxf6+ Bxf6 16. Nc4 Qb5 17. a4 Qd7 18. Bxb4 Rd8 19. Qc2 Bxd4 20. Rad1 b5 21. Ne5 1-0